00529nam a2200193 a 4500001001300000003000900013005001700022008004100039020002500080082001700105100002000122245002700142260004300169300000900212500003500221505004300256650001600299700002000315nice12345678IN_TiNIC20260116014610.0050524s1966 lona grp 000 0 eng  a0801857 c915.400a340.59bKHA9 aKhadduri, Majid aIslamic Law of Nations aLondonbJohns Hopkins Uni. Pressc1966 a311p aincludes index and biblioraphy2 aGlossary, Selected Bibliography, Index aIslamic-Law1 aKhadduri, Majid